000 00662nam a2200229 i 4500
001 C2-0245802
003 PPAK
005 20180727210707.0
008 030318s1981 xx |||| ||||| | may d
040 _aPPAK
_beng
_cPPAK
_erda
082 0 4 _a899.231
_223
090 0 0 _a899.231
_bABD
_dKSA
100 0 _aAbdullah Darus,
_eauthor
245 1 0 _aKubur tidak bernisan :
_bantologi sajak
264 1 _a[place of publication not identified] :
_b[publisher not identified] ,
_c1981
300 _aix, 30 pages ;
_c20 cm
336 _2rdacontent
_atext
337 _2rdamedia
_aunmediated
338 _2rdacarrier
_avolume
650 1 0 _aMalay poetry
942 _ddc
_cB
999 _c59805
_d59805